00698nam a2200181 i 450000100060000000300090000600500170001500700030003200800410003510000320007624501310010826000380023930000300027770000380030785200320034599900170037795201220039492469ES-MaACL20230906180958.0t|050308s1966 sp ||||1| spa d1 aLindsay, Franklin A.97241710aTécnicas modernas de gestión / cFranklin A. Lindsay; traducción, adaptación, anexos y prólogo, R. Companys Pascual. a[Barcelona : bSagitario, c1966] a197 p. : bil. ; c22 cm.1 aCompanys Pascual, Ramón.940043 aES-MaACLjC-29870 bR.60134 c92469d92469 00104070aATENEOMbATENEOMcDEPO2d2008-01-17eSCl0oC-29870p1096538r2023-02-23 00:00:00w2023-02-23yMONOGRAFIA